12 Miesięcy w 30 Sekund - Statystyki

Ogólne statystyki
  • Ten quiz został rozwiązany 56 437 razy
  • Średni wynik to 10 z 12
Statystyki odpowiedzi
miesiąc % Poprawnych
luty
99%
styczeń
99%
marzec
98%
kwiecień
96%
maj
96%
czerwiec
94%
lipiec
92%
sierpień
87%
wrzesień
80%
październik
72%
listopad
69%
grudzień
62%
Nie znaleziono quizów pasujących do podanych kryteriów
Rozkład punktacji
Procent ludzi z każdym wynikiem
Percentyl według liczby udzielonych odpowiedzi
Twoja historia wyników
Nie rozwiązałeś tego quizu